|
|
|
|
| LEADER |
00909nam a2200229 u 4500 |
| 001 |
10112012 |
| 003 |
upatras |
| 005 |
20210117204930.0 |
| 008 |
140224s1962 uk eng |
| 040 |
|
|
|a GR-PaULI
|c GR-PaULI
|
| 041 |
0 |
|
|a eng
|
| 082 |
0 |
4 |
|a 327.127 3
|
| 100 |
1 |
|
|a Tully, Andrew
|d 1914-
|4 aut
|9 136745
|
| 245 |
1 |
0 |
|a Central Intelligence Agency
|c Andrew Tully
|
| 260 |
|
|
|a London
|b Transworld Publishers
|c 1962
|
| 300 |
|
|
|a 222 σ.
|c 18 εκ.
|
| 610 |
2 |
4 |
|a Ηνωμένες Πολιτείες Αμερικής
|e Central Intelligence Agency
|9 136746
|
| 852 |
|
|
|a GR-PaULI
|b ΠΑΤΡΑ
|b ΒΚΠ
|b ΑΝΤ
|k ΟΧΙΔ
|h 327.127 3 TUL
|m 049933
|p 025000066981
|t 1
|
| 942 |
|
|
|2 ddc
|c BKN
|
| 952 |
|
|
|0 0
|1 0
|4 0
|6 327_127000000000000_3_TUL
|7 0
|9 163474
|a LISP
|b LISP
|c DON
|d 2016-04-24
|i 049933
|l 0
|o 327.127 3 TUL
|p 025000066981
|r 2016-04-24 00:00:00
|t 1
|w 2016-04-24
|y BKN
|
| 998 |
|
|
|c ΜΠΟΥΡΑΣ
|d 2014-02
|
| 999 |
|
|
|c 102542
|d 102542
|